Bruselská pošta s bazilejskou pečiatkou

Pravidlá pre bankový kapitál v únii má riešiť nové nariadenie aj smernica.

Guardado en:
Detalles Bibliográficos
Autor principal: Kláseková, Martina
Formato: Capítulo de libro
Lenguaje:eslovaco
Materias:
Etiquetas: Agregar Etiqueta
Sin Etiquetas, Sea el primero en etiquetar este registro!

MARC

LEADER 00000naa a2200000 4500
001 0135676
005 20231113072937.5
041 0 |a slo 
044 |a SK 
245 1 0 |a Bruselská pošta s bazilejskou pečiatkou  |c Martina Kláseková 
520 |a Pravidlá pre bankový kapitál v únii má riešiť nové nariadenie aj smernica. 
610 2 0 |a kapitál bankový 
610 2 0 |a Európska únia 
610 2 0 |a smernice 
100 1 |a Kláseková, Martina